Fr. Conceicao Rodrigues College of Engineering

Forging And Forming Metals (Record no. 22676)

MARC details
000 -LEADER
fixed length control field 00256nam a2200121Ia 4500
082 ## - DEWEY DECIMAL CLASSIFICATION NUMBER
Classification number 671.3
Item number rus
100 ## - MAIN ENTRY--PERSONAL NAME
Personal name Rusinoff/S.E
245 ## - TITLE STATEMENT
Title Forging And Forming Metals
260 ## - PUBLICATION, DISTRIBUTION, ETC.
Name of publisher, distributor, etc. D B Taraporevala.
546 ## - LANGUAGE NOTE
Language note ENGLISH
654 ## - SUBJECT ADDED ENTRY--FACETED TOPICAL TERMS
Focus term Forging
942 ## - ADDED ENTRY ELEMENTS (KOHA)
Koha item type BOOK
Holdings
Withdrawn status Lost status Damaged status Not for loan Collection Home library Current library Date acquired Total Checkouts Full call number Barcode Date last seen Price effective from Koha item type
        AFT Fr. Agnel's C.Rodrigues College of Engineering Fr. Agnel's C.Rodrigues College of Engineering 17/03/2023   671.3 rus AFT3814 17/03/2023 17/03/2023 BOOK